Sobre derechos, deberes y poder: una nueva Constitución para Chile

Zapisane w:
Opis bibliograficzny
1. autor: Arriagada Herrera, Genaro
Kolejni autorzy: Burgos Varela, Jorge, Walker Prieto, Ignacio
Format: Nieznany
Język:angielski
hiszpański
Wydane: Santiago, Chile Uqbar 2017
Hasła przedmiotowe:
Etykiety: Dodaj etykietę
Nie ma etykietki, Dołącz pierwszą etykiete!

MARC

LEADER 00000 a2200000 4500
003 CL-VaPUC
005 20211223074345.0
008 200121b ||||| |||| 00| 0 eng d
999 |c 378995  |d 378993 
020 |a 9789563760378 
040 |c Pontificia Universidad Católica de Valparaíso 
041 0 |a spa 
082 |a 342.83 ARR 2017 
100 1 |a Arriagada Herrera, Genaro  |9 610782 
245 |a Sobre derechos, deberes y poder:   |b  una nueva Constitución para Chile 
260 3 |b Uqbar  |c 2017  |a Santiago, Chile 
300 |a 165 páginas 
505 0 |a I. La crítica del pasado. II. La crítica del presente. III. La exploración del futuro. IV. Derechos ¿Cuántos? ¿Cuáles? ¿Cuán efectivos? V. sistema electoral, partidos, sociedd civil, democracia directa. VI. Una forma de gobierno semipresidencial. VII. Fuerzas armadas y Tribunal Constitucional. VIII. Un estado unitario descentralizado. IX. ¿Cómo se aprueba la nueva Constitución? 
583 |k Hugo Gaete  |c 20200121 
650 0 0 |a Derecho constitucional   |9 222588 
650 0 0 |a Constituciones  |9 255417 
700 1 |a Burgos Varela, Jorge  |9 611796 
700 1 |a Walker Prieto, Ignacio  |9 611797 
942 |2 ddc  |c BK 
952 |0 0  |1 0  |2 ddc  |4 0  |6 342_830000000000000_ARR_2017  |7 0  |8 A  |9 499470  |a BIBHIS  |b BIBHIS  |d 2020-01-21  |e 80  |g 18040.00  |i 5573084  |o 342.83 ARR 2017  |p 5573084  |r 2025-01-20  |t 1  |v 18040.00  |w 2020-01-21  |y BK  |k HIS